|
|
|
|
| LEADER |
00000nam0a2200000 4500 |
| 001 |
287669 |
| 005 |
20231102000018.0 |
| 020 |
|
|
|a RU
|b 85-74475
|
| 035 |
|
|
|a (RuTPU)RU\TPU\book\312092
|
| 090 |
|
|
|a 287669
|
| 100 |
|
|
|a 20150318d1985 k y0rusy5003 ca
|
| 101 |
0 |
|
|a rus
|
| 102 |
|
|
|a RU
|
| 105 |
|
|
|a a z 001zy
|
| 200 |
1 |
|
|a Методы обработки сигналов при наличии помех в линиях связи
|f под ред. Е. Ф. Камнева
|
| 210 |
|
|
|a Москва
|c Радио и связь
|d 1985
|
| 215 |
|
|
|a 224 с.
|c ил.
|
| 225 |
1 |
|
|a Статистическая теория связи
|v Вып. 23
|
| 320 |
|
|
|a Библиогр.: с. 216-221
|
| 320 |
|
|
|a Предметный указатель: с. 222
|
| 320 |
|
|
|a Список сокращений и обозначений: с. 3-4
|
| 606 |
|
|
|a Системы связи
|x Помехоустойчивость
|2 stltpush
|3 (RuTPU)RU\TPU\subj\54996
|9 73069
|
| 610 |
1 |
|
|a помехи
|
| 610 |
1 |
|
|a характеристики
|
| 610 |
1 |
|
|a сигналы
|
| 610 |
1 |
|
|a обработка
|
| 610 |
1 |
|
|a фильтрация
|
| 610 |
1 |
|
|a адаптивная обработка
|
| 610 |
1 |
|
|a прием
|
| 610 |
1 |
|
|a алгоритмы
|
| 675 |
|
|
|a 621.391.8
|v 3
|
| 702 |
|
1 |
|a Камнев
|b Е. Ф.
|g Евгений Федорович
|4 340
|
| 801 |
|
0 |
|a RU
|b RuMRKP
|c 19950704
|g psbo
|
| 801 |
|
1 |
|a RU
|b 63413507
|c 20150318
|
| 801 |
|
2 |
|a RU
|b 63413507
|c 20171114
|g RCR
|
| 942 |
|
|
|c BK
|